00417nam a2200169 a 4500001001300000003000900013005001700022008004100039020001300080082001300093100002500106245002200131260003300153300000900186500003500195505001700230nice12345678IN_TiNIC20260116012713.0050524s1985 u ka grp 000 0 eng  ac130.6500a201bNAA aNaaman, Ghulam Masih aUnexpected Enemy. aU KbMarshal Pickeringc1985 a158p aincludes index and biblioraphy2 aBibliography